000 00868nam a2200301 i 4500
003 DO-SdBNP
005 20231011090417.0
006 a||||gr|||| 00| 0
007 ta
008 231009t2015 sp abd|| |||| 00| e spa d
020 _a9789929559653
040 _aDO-SdBNP
_bspa
_cBNPHU
_erda
082 4 _222
_bL581L
_aG861.
100 _4Leonardo, José Roberto
245 1 0 _aLázaro me dicen /
_cJosé Roberto Leonardo
264 4 _aGuatemala :
_bCultura
_c2015
300 _a58 páginas ;
_c22 cm.
336 _2rdaconten
_atexto
_btxt
337 _2rdamedia
_asin mediación
_bn
338 _2rdacarrier
_avolumen
_bnc
490 _aPoesia ;
_vRafael Landivar, 100
522 _aHistoria de Europa.
590 _aInventariado 2023 / DG
650 4 _aPoesía guatemalteca
_914068
650 4 _aLiteratura guatemalteca
_95393
910 _aDG
942 _2ddc
_cLBS1
999 _c55144
_d55144